El ateísmo contemporáneo : el ateísmo en la vida y en la cultura contemporánea /

Uloženo v:
Podrobná bibliografie
Korporativní autor: Pontificia Università Saleciana, Facultad de Teología
Další autoři: Girardi, Giulio (dirección) (dirección)
Médium: Kniha
Jazyk:španělština
Vydáno: Madrid, España : Ediciones Cristiandad, 1971, c1971
Tagy: Přidat tag
Žádné tagy, Buďte první, kdo vytvoří štítek k tomuto záznamu!

MARC

LEADER 00000nam^a2200000^a^4500
001 000450322
005 20250521000000.0
009 20260310123743.983
037 |a Acervo Xavier Clavigero 
041 |a ESP 
091 |a FCA. 03311 
245 0 3 |a El ateísmo contemporáneo :  |b el ateísmo en la vida y en la cultura contemporánea / 
264 4 |a Madrid, España :  |b Ediciones Cristiandad,  |c 1971, c1971 
300 |a 2 v. (1007 p.) 
336 |a texto  |b txt  |2 rdacontenido 
337 |a sin mediación  |b n  |2 rdamedio 
338 |a volumen  |b nc  |2 rdasoporte 
649 |a XX 
710 |a Pontificia Università Saleciana, Facultad de Teología 
700 |a Girardi, Giulio  |e (dirección) 
910 |a Fondo Xavier Cacho Vázquez S.J. 
920 |a Impresos - Libros 
930 |a Fondos Especiales 
905 |a 131 
901 |a 0500380144  |b IT2  |c ESP  |i D  |u 20250521 
901 |a 0500380141  |b IT2  |c ESP  |i D  |u 20250521 
902 |a https://opac.biblio.iteso.mx/vufind/Record/000450322